000 01106cam a2200337 a 4500
999 _c177
_d177
001 ABJ-3441
003 ALUPE UNIVERSITY
005 20210604133804.0
006 m u
008 000107s2001 oncac b 001 0 eng d
016 _a009302204
020 _a013014634X
040 _aCaOTU
_beng
_cCaOTU
_dCaOONL
055 0 0 _aHF5386
_bD78 2001 fol.
090 _aHF5386
_b.D78 2001
100 1 _aDuBrin, Andrew J.
245 1 0 _aHuman relations for career and personal success /
_cAndrew J. DuBrin, Terri Geerinck.
250 _a2nd Canadian ed.
260 _aToronto :
_bPrentice Hall,
_c2001.
300 _axiii, 434 p. :
_bill., ports. ;
_c26 cm.
504 _aIncludes bibliographical references (p. [413]-428) and index.
650 0 _aSuccess in business.
650 0 _aPsychology, Industrial.
650 0 _aInterpersonal relations.
650 6 _aSuccès dans les affaires.
650 6 _aPsychologie du travail.
650 6 _aRelations humaines.
700 1 _aGeerinck, Terri,
_d1958-
942 _2lcc
_cBK
_nJO
945 _aHF5386.D78 2001
_i30020003464007
_l010101
_t00
_yABJ-3441